Diabetes in Africa / (Record no. 1122)

MARC details
000 -LEADER
fixed length control field 00546nam a22001937a 4500
003 - CONTROL NUMBER IDENTIFIER
control field OSt
005 - DATE AND TIME OF LATEST TRANSACTION
control field 20150302142639.0
008 - FIXED-LENGTH DATA ELEMENTS--GENERAL INFORMATION
fixed length control field 150302b xxu||||| |||| 00| 0 eng d
020 ## - INTERNATIONAL STANDARD BOOK NUMBER
International Standard Book Number 1871188059
040 ## - CATALOGING SOURCE
Transcribing agency DNLM
082 ## - DEWEY DECIMAL CLASSIFICATION NUMBER
Classification number WK 810 DIA 1997
245 ## - TITLE STATEMENT
Title Diabetes in Africa /
Statement of responsibility, etc. Edited by Geoff Gill, [et..at]
260 ## - PUBLICATION, DISTRIBUTION, ETC. (IMPRINT)
Place of publication, distribution, etc. UK:
Name of publisher, distributor, etc. DFID;
Date of publication, distribution, etc. 1997.
300 ## - PHYSICAL DESCRIPTION
Extent x, 294 p :
Other physical details ill;
Dimensions 26 cm.
504 ## - BIBLIOGRAPHY, ETC. NOTE
Bibliography, etc Includes bibliographical references and index.
650 ## - SUBJECT ADDED ENTRY--TOPICAL TERM
Topical term or geographic name as entry element Diabetes
9 (RLIN) 2432
700 ## - ADDED ENTRY--PERSONAL NAME
Relator code Editor
Personal name Gill Goeff, [et...al]
9 (RLIN) 3062
942 ## - ADDED ENTRY ELEMENTS (KOHA)
Source of classification or shelving scheme Other/Generic Classification Scheme
Koha item type Short Loan
Holdings
Withdrawn status Lost status Source of classification or shelving scheme Damaged status Not for loan Home library Current library Date acquired Source of acquisition Inventory number Total Checkouts Full call number Barcode Date last seen Price effective from Koha item type
    Other/Generic Classification Scheme     MUST Main Library MUST Main Library 02/03/2015   2001/16646   WK 810 DIA 1997 2015-0427 02/03/2015 02/03/2015 Short Loan
    Other/Generic Classification Scheme     MUST Main Library MUST Main Library 02/03/2015   2001/16639   WK 810 DIA 1997 2015-0428 02/03/2015 02/03/2015 Short Loan